| 000 | 00674nam a2200217 a 4500 | ||
|---|---|---|---|
| 001 | 12932 | ||
| 003 | BD-JhCC | ||
| 005 | 20230605112456.0 | ||
| 008 | 230605s2018 b |||| |||| 000 0 b d | ||
| 020 | _a9789848056011 | ||
| 035 | _a(BD-JhCC)12932 | ||
| 040 |
_aBD-JhCC _dBD-JhCC |
||
| 041 | _aeng | ||
| 082 |
_a891.4435 _bROS 2018 |
||
| 100 | _aরশীদ, রফিকুর | ||
| 245 |
_aইদিপাসের গল্প / _cরফিকুর রশীদ |
||
| 260 |
_aঢাকা : _bপ্রতিভা প্রকাশ, _c২০১৮ |
||
| 300 |
_a৭৯ পৃ. : _c২১ সেমি. |
||
| 650 | _aCollection of Short Stories | ||
| 942 |
_2ddc _cBK |
||
| 999 |
_c12932 _d12932 |
||